| 000 | 01029nam a22003255a 4500 | ||
|---|---|---|---|
| 005 | 20150824102630.0 | ||
| 008 | 150817r19941977enkab||frb||| 001 0 eng d | ||
| 010 | _a 92041256 | ||
| 020 | _a0582231604 | ||
| 020 | _a9780582231603 | ||
| 040 |
_aEG-ScBUE _beng _cEG-ScBUE |
||
| 082 | 0 | 4 |
_a338.90091724 _bTOD _222 |
| 100 | 1 | _aTodaro, Michael P. | |
| 245 | 1 | 0 |
_aEconomic development / _cMichael P. Todaro. |
| 250 | _a5th ed. | ||
| 260 |
_aEngland : _bLongman, _c1994. |
||
| 300 |
_axxxii, 719 p. : _bill. ; _c24 cm. |
||
| 500 | _aRev. ed. of: Economic development in the Third World. 4th ed. 1989. | ||
| 500 | _aIncludes indexes. | ||
| 500 | _aGlossary : p. 661-709. | ||
| 504 | _aInclude bibliographical references. | ||
| 590 | _aMenna Elemam | ||
| 650 | 0 |
_aEconomic development. _2BUEsh |
|
| 650 | 0 |
_aEconomic policy. _2BUEsh |
|
| 650 | 0 |
_aDeveloping countries. _2BUEsh |
|
| 650 | 0 |
_aEconomic history _2BUEsh |
|
| 651 | _2BUEsh | ||
| 653 |
_bBUSECO _cAugust2015 |
||
| 942 |
_cBB _k338.90091724 TOD _2ddc |
||
| 999 |
_c7575 _d7575 |
||